000 00307nam a22001337a 4500
008 210308b ||||| |||| 00| 0 eng d
041 _aeng
080 _a51
082 _a51
100 _a36
101 _aMAT
245 _aDirect Decompositions of Finite Algebraic Systems
_cJonsson, B
942 _2udc
_cBK
999 _c55957
_d55957